<?xml version="1.0" encoding="UTF-8"?>
<record
    xmlns:xsi="http://www.w3.org/2001/XMLSchema-instance"
    xsi:schemaLocation="http://www.loc.gov/MARC21/slim http://www.loc.gov/standards/marcxml/schema/MARC21slim.xsd"
    xmlns="http://www.loc.gov/MARC21/slim">

  <leader>00623nam a22001937a 4500</leader>
  <controlfield tag="005">20260226152257.0</controlfield>
  <controlfield tag="008">260226b        |||||||| |||| 00| 0 eng d</controlfield>
  <datafield tag="020" ind1=" " ind2=" ">
    <subfield code="a">978-1-285-05108-6</subfield>
  </datafield>
  <datafield tag="050" ind1=" " ind2=" ">
    <subfield code="a">QA 278 .A67 2014</subfield>
    <subfield code="b">1</subfield>
  </datafield>
  <datafield tag="100" ind1=" " ind2=" ">
    <subfield code="a">KLEINBAUM, DAVID G.</subfield>
  </datafield>
  <datafield tag="245" ind1=" " ind2=" ">
    <subfield code="a">APPLIED REGRESSION ANALYSIS AND OTHER MULTIVARIABLE METHODS</subfield>
  </datafield>
  <datafield tag="250" ind1=" " ind2=" ">
    <subfield code="a">5TH EDITION</subfield>
  </datafield>
  <datafield tag="260" ind1=" " ind2=" ">
    <subfield code="a">AUSTRALIA,</subfield>
    <subfield code="b">ASHFORD COLOUR LIMITED,</subfield>
    <subfield code="c">2014,</subfield>
  </datafield>
  <datafield tag="300" ind1=" " ind2=" ">
    <subfield code="a">XIX,1051;ILL</subfield>
  </datafield>
  <datafield tag="500" ind1=" " ind2=" ">
    <subfield code="a">INCLUDES BIBLIOGRAPHICAL REFERENCES AND INDEX</subfield>
  </datafield>
  <datafield tag="650" ind1=" " ind2=" ">
    <subfield code="a">REGRESSION ANALYSIS</subfield>
  </datafield>
  <datafield tag="700" ind1=" " ind2=" ">
    <subfield code="a">KUPPER LAWRENCE L, NIZAM AZHAR, ROSENBERG ELI S</subfield>
  </datafield>
  <datafield tag="942" ind1=" " ind2=" ">
    <subfield code="2">lcc</subfield>
    <subfield code="c">BK</subfield>
  </datafield>
  <datafield tag="999" ind1=" " ind2=" ">
    <subfield code="c">216712</subfield>
    <subfield code="d">216712</subfield>
  </datafield>
  <datafield tag="952" ind1=" " ind2=" ">
    <subfield code="0">0</subfield>
    <subfield code="1">0</subfield>
    <subfield code="2">lcc</subfield>
    <subfield code="4">0</subfield>
    <subfield code="6">QA0278 A67  02014</subfield>
    <subfield code="7">0</subfield>
    <subfield code="8">SCT</subfield>
    <subfield code="9">375787</subfield>
    <subfield code="a">KSUL</subfield>
    <subfield code="b">KSUL</subfield>
    <subfield code="c">DISPLAY</subfield>
    <subfield code="d">2026-02-26</subfield>
    <subfield code="i">111123</subfield>
    <subfield code="l">0</subfield>
    <subfield code="o">QA 278 .A67 2014</subfield>
    <subfield code="p">a000292</subfield>
    <subfield code="r">2026-02-26 15:06:00</subfield>
    <subfield code="t">1</subfield>
    <subfield code="w">2026-02-26</subfield>
    <subfield code="y">BK</subfield>
  </datafield>
  <datafield tag="952" ind1=" " ind2=" ">
    <subfield code="0">0</subfield>
    <subfield code="1">0</subfield>
    <subfield code="2">lcc</subfield>
    <subfield code="4">0</subfield>
    <subfield code="6">QA0278 A67  02014</subfield>
    <subfield code="7">0</subfield>
    <subfield code="8">SCT</subfield>
    <subfield code="9">375789</subfield>
    <subfield code="a">KSUL</subfield>
    <subfield code="b">KSUL</subfield>
    <subfield code="c">DISPLAY</subfield>
    <subfield code="d">2026-02-26</subfield>
    <subfield code="i">111124</subfield>
    <subfield code="l">0</subfield>
    <subfield code="o">QA 278 .A67 2014</subfield>
    <subfield code="p">a000290</subfield>
    <subfield code="r">2026-02-26 15:06:00</subfield>
    <subfield code="t">2</subfield>
    <subfield code="w">2026-02-26</subfield>
    <subfield code="y">BK</subfield>
  </datafield>
  <datafield tag="952" ind1=" " ind2=" ">
    <subfield code="0">0</subfield>
    <subfield code="1">0</subfield>
    <subfield code="2">lcc</subfield>
    <subfield code="4">0</subfield>
    <subfield code="6">QA0278 A67  02014</subfield>
    <subfield code="7">0</subfield>
    <subfield code="8">SCT</subfield>
    <subfield code="9">375790</subfield>
    <subfield code="a">KSUL</subfield>
    <subfield code="b">KSUL</subfield>
    <subfield code="c">DISPLAY</subfield>
    <subfield code="d">2026-02-26</subfield>
    <subfield code="i">111125</subfield>
    <subfield code="l">0</subfield>
    <subfield code="o">QA 278 .A67 2014</subfield>
    <subfield code="p">a000291</subfield>
    <subfield code="r">2026-02-26 15:06:00</subfield>
    <subfield code="t">3</subfield>
    <subfield code="w">2026-02-26</subfield>
    <subfield code="y">BK</subfield>
  </datafield>
  <datafield tag="952" ind1=" " ind2=" ">
    <subfield code="0">0</subfield>
    <subfield code="1">0</subfield>
    <subfield code="2">lcc</subfield>
    <subfield code="4">0</subfield>
    <subfield code="6">QA0278 A67  02014</subfield>
    <subfield code="7">0</subfield>
    <subfield code="8">SCT</subfield>
    <subfield code="9">375791</subfield>
    <subfield code="a">KSUL</subfield>
    <subfield code="b">KSUL</subfield>
    <subfield code="c">DISPLAY</subfield>
    <subfield code="d">2026-02-26</subfield>
    <subfield code="i">111126</subfield>
    <subfield code="l">0</subfield>
    <subfield code="o">QA 278 .A67 2014</subfield>
    <subfield code="p">a000293</subfield>
    <subfield code="r">2026-02-26 15:06:00</subfield>
    <subfield code="t">4</subfield>
    <subfield code="w">2026-02-26</subfield>
    <subfield code="y">BK</subfield>
  </datafield>
</record>
